| 000 | 00479nam a2200133 a 4500 | ||
|---|---|---|---|
| 008 | 120416s1965 ||||||||||||||||| || u | ||
| 050 | _aHB 71 Mie | ||
| 100 | _aMiernyk, William H | ||
| 245 | 1 | 4 | _aThe elements of input-output analysis |
| 260 |
_aNew York _bRandom House _c1965 |
||
| 300 | _axi, 156p. : ill. | ||
| 350 | _a0.00 | ||
| 995 |
_D0.00 _FCBU-MAIN LIBRARY (Kitwe) _H1 _I0.00 _UAVAILABLE _ZMain Library Open Access Collection |
||
| 999 |
_c41663 _d41663 |
||